00557nam a22001457a 4500003000400000008004100004020001800045082001600063245010400079260005500183300001500238650011700253700001900370700002200389OSt260702b |||||||| |||| 00| 0 eng d a9789358873306 a658.5bG97I aIndustry 4.0: Data and Its Analysis in Business and Finance/edited by Rakhi Gupta , Divya Chowdhry  aNew Delhi : bNew India Publishing Agency,c2025. axi, 465 p. aTechnology (Applied Sciences) | Management and Auxiliary Services | Production Management | Operation Management aGupta, Rakhi  aChowdhry , Divya